00378 2200157 4500001002100000005001500021035002000036245003300056100001500089300002600104260003100130082000800161084001400169020002200183990001500205INLIS00000000000326920251203105056 a0010-12250000901 aDongeng Kucing /cBoy Candra0 aBoy Candra a199 hlm ;c13 x 19 cm aJakarta :bGrasindo,c2024 a813 a813 BOY d a978-602-05-3082-6 a19744/B/26